[Event "KEN-chT"]
[Site "Nairobi"]
[Date "2019.07.20"]
[Round "22.1"]
[White "Mcligeyo, Robert Oluka"]
[Black "Wangombe, Mugi"]
[Result "1-0"]
[WhiteElo "1395"]
[BlackElo "1605"]
[PlyCount "91"]
[EventDate "2019.02.09"]
[EventType "team-tourn"]
[EventRounds "27"]
[EventCountry "KEN"]
[SourceTitle "CBM 192 Extra"]
[Source "Chessbase"]
[SourceDate "2019.11.06"]
[SourceVersion "1"]
[SourceVersionDate "2019.11.06"]
[SourceQuality "1"]
[WhiteTeam "Nacha Kings"]
[BlackTeam "Anchor"]
[WhiteTeamCountry "KEN"]
[BlackTeamCountry "KEN"]

1. d4 d5 2. c4 c6 3. Nc3 Nf6 4. Nf3 e6 5. Bg5 Be7 6. e3 a6 7. Qc2 h6 8. Bxf6 Bxf6 9. Rd1 Nd7 10. Bd3 0-0 11. 0-0 b5 12. cxd5 cxd5 13. a3 Bb7 14. Rfe1 Rc8 15. Qe2 Nb6 16. Bb1 Nc4 17. Qc2 g6 18. Qe2 Nxa3 19. Nxd5 Bxd5 20. bxa3 Rc3 21. e4 Bc4 22. Qb2 Rb3 23. Qc1 Qa5 24. Qxh6 Rxa3 25. e5 Bg7 26. Qh4 Bd5 27. Ng5 Rc8 28. Be4 Rd8 29. Bxd5 Rxd5 30. Re4 Rd3 31. Qh7+ Kf8 32. Nxe6+ Ke7 33. Rde1 Kxe6 34. Qxg7 Rd7 35. Qf6+ Kd5 36. e6 Rd6 37. Qe5+ Kc4 38. Qxd6 fxe6 39. Qc6+ Kb3 40. Qxe6+ Kc3 41. d5 b4 42. Qe5+ Kc2 43. R1e2+ Rd2 44. Rxd2+ Kxd2 45. Qd4+ Kc2 46. Re2+ 1-0